Desarrollo organizacional / (Registro nro. 5766)
[ vista simple ]
| 000 -LEADER | |
|---|---|
| fixed length control field | 01509nam a2200289Ia 4500 |
| 003 - CONTROL NUMBER IDENTIFIER | |
| control field | OSt |
| 005 - DATE AND TIME OF LATEST TRANSACTION | |
| control field | 20210112141016.0 |
| 008 - FIXED-LENGTH DATA ELEMENTS--GENERAL INFORMATION | |
| fixed length control field | 191128s1977 ck ad gr 000 0dspa d |
| 040 ## - CATALOGING SOURCE | |
| Original cataloging agency | CO-JMCR |
| Transcribing agency | CO-JMCR |
| 082 04 - DEWEY DECIMAL CLASSIFICATION NUMBER | |
| Classification number | 658.406 / |
| Item number | I431d |
| Edition number | 23 |
| 100 1# - MAIN ENTRY--PERSONAL NAME | |
| Personal name | Infante Villarreal, Arturo, |
| Relator term | autor |
| 9 (RLIN) | 12814 |
| 245 10 - TITLE STATEMENT | |
| Title | Desarrollo organizacional / |
| Statement of responsibility, etc. | Arturo Infante Villareal, Carlos Dávila L., John Sudarsky, Enrique Ogliastri |
| 260 ## - PUBLICATION, DISTRIBUTION, ETC. | |
| Place of publication, distribution, etc. | Bogotá : |
| Name of publisher, distributor, etc. | Editorial Universitaria de América, |
| Date of publication, distribution, etc. | 1977 |
| 300 ## - PHYSICAL DESCRIPTION | |
| Extent | 141 páginas : |
| Other physical details | gráficos a blanco y negro ; |
| Dimensions | 24 cm. |
| 490 0# - SERIES STATEMENT | |
| Series statement | Biblioteca de gerencia |
| 500 ## - GENERAL NOTE | |
| General note | Incluye índice, notas a pie de páginas Y datos biográficos de los autores en contraportada. |
| 504 ## - BIBLIOGRAPHY, ETC. NOTE | |
| Bibliography, etc. note | Bibliografía: páginas 133-136 |
| 505 0# - FORMATTED CONTENTS NOTE | |
| Formatted contents note | Una nueva manera de guiar el trabajo de los hombres / Arturo Infante Villarreal -- Métodos de laboratorio vivencial aplicaciones, modelos y dilemas / Carlos Dávila L. -- Un modelo de diagnóstico e intervención la medición del clima organizacional / John S |
| 520 0# - SUMMARY, ETC. | |
| Summary, etc. | Los cuatro distinguidos autores de Desarrollo Organizacional estudian uno de los más recientes avances de la teoría administrativa, desde puntos de vista distintos aunque complementarios. |
| 546 ## - LANGUAGE NOTE | |
| Language note | spa |
| 650 24 - SUBJECT ADDED ENTRY--TOPICAL TERM | |
| Topical term or geographic name entry element | Cambio organizacional |
| 9 (RLIN) | 11863 |
| 650 24 - SUBJECT ADDED ENTRY--TOPICAL TERM | |
| Topical term or geographic name entry element | Ambiente de trabajo |
| 9 (RLIN) | 12541 |
| 700 1# - ADDED ENTRY--PERSONAL NAME | |
| Personal name | Dávila L., Carlos, |
| Relator term | autor |
| 9 (RLIN) | 12815 |
| 700 1# - ADDED ENTRY--PERSONAL NAME | |
| Personal name | Sudarsky, John, |
| Relator term | autor |
| 9 (RLIN) | 12816 |
| 700 1# - ADDED ENTRY--PERSONAL NAME | |
| Personal name | Ogliastri, Enrique, |
| Relator term | autor |
| 9 (RLIN) | 12817 |
| 942 ## - ADDED ENTRY ELEMENTS (KOHA) | |
| Source of classification or shelving scheme | Dewey Decimal Classification |
| Koha item type | Books |
| Withdrawn status | Lost status | Source of classification or shelving scheme | Materials specified (bound volume or other part) | Damaged status | Not for loan | Home library | Current library | Shelving location | Date acquired | Source of acquisition | Full call number | Barcode | Date last seen | Copy number | Price effective from | Koha item type |
|---|---|---|---|---|---|---|---|---|---|---|---|---|---|---|---|---|
| Dewey Decimal Classification | Donación--15/04/2018-- | Biblioteca Pública José María del Castillo y Rada | Biblioteca Pública José María del Castillo y Rada | General Stacks | 11/28/2019 | Donación | 658.406 / I431d | 430004194 | 05/16/2024 | Ej.1 | 11/28/2019 | Books |